LEADER 01264nam a2200265 u 4500 001 000000024953 003 CaOOAMICUS 005 20070226111417.0 008 950710s1908 gw u000 u ger u 035 $a10636426 040 $aPUL(R)$bita 041 0 $ager$agrc 100 1 $aWeiss, Bernhard,$d1827-1918.$0(OLS)http://pul/name/20765 245 14$aDie Quellen der synoptischen Ueberlieferung /$cvon D. Bernhard Weiss. 260 $aLeipzig :$bJ. C. Hinrichs,$c1908. 300 $aiv, 256 p. ;$c23 cm 490 1 $aTexte und Untersuchungen zur Geschichte der altchristlichen Literatur ;$v2. Bd., Hft. 3 [der ganzen Reihe] 32. Bd., Hft. 3. 504 $aBibliografia in nota. 630 04$aBiblia.$pN.T.$pEvangelia.$0(OLS)http://pul/subject/2990 830 0$aTexte und Untersuchungen zur Geschichte der altchristlichen Literatur ;$v2. Bd., Hft. 3 [der ganzen Reihe] 32. Bd., Hft. 3.$0(OLS)http://pul/title/1074 850 $aPUL 852 $aPUL$W1$xSL Religione 1$y3$m24 I 32(Int.3)$j34891$nBK-PRI$b $qStampati$B34891$CPULBib$Z2$F34891 $H $81 941 1 $a8 996 $6245$aDie Quellen der synoptischen Ueberlieferung$9(OLS)http://pul/title/34429 996 $6260$aLeipzig :$bJ. C. Hinrichs$9(OLS)http://pul/publisher/48889 LEADER 01189nam a2200253 u 4500 001 000000081438 003 CaOOAMICUS 005 20070226123744.0 008 050322s1943 it u000 u ita u 035 $a11035601 040 $aPUL(R)$bita 100 1 $aRosmini Serbati, Antonio,$cI.D.C.,$d1797-1855.$0(OLS)http://pul/name/586 245 10$aBreve schizzo dei sistemi di filosofia moderna e del proprio sistema e Dialogo sulla vera natura del conoscere /$cAntonio Rosmini ; introduzione e note di Carlo Caviglione. 260 $aLanciano :$bCarabba,$cstampa1943. 300 $a126 p. ;$c19 cm 490 1 $aCultura dell'anima ;$v39 504 $aBibliografia in nota. 700 1 $aCaviglione, Carlo.$0(OLS)http://pul/name/37416 830 0$aCultura dell'anima (Carabba) ;$v39.$0(OLS)http://pul/title/12231 850 $aPUL 852 $aPUL$W1$xDP1 Fondo Cecchetti$y53$m260 N 81$j103880$nBK-PRI$b $qFondi$B103880$CPULBib$Z2$F103880 $82 941 1 $a1 996 $6245$aBreve schizzo dei sistemi di filosofia moderna e del proprio sistema e Dialogo sulla vera natura del conoscere$9(OLS)http://pul/title/106520 996 $6260$aLanciano :$bCarabba$9(OLS)http://pul/publisher/51250